=LDR 00000nam 2200000 4500 =001 INLIS00000000000039 =005 20260702043538 =020 ##$$a 978-623-98472-4-1 =082 ##$$a 014.086 =100 1#$$a Veronica Diana, S.Sos. =245 1 $$a Ide Dan Inspirasi Membangun Usaha Di Desa /$c Veronica Diana, S.Sos. =300 ##$$a 80 ; 14X21 cm